000 00461nam a2200181Ia 4500
005 20250508154015.0
008 008 250505s9999 xx 000 0 eng d
037 _aTextual
040 _aFEDL
_beng
_cFEDL
041 _aeng
_2eng
084 _a372.83, SPE
_qFEDL
100 _aSpencer Paul R
_9764844
245 0 _aDriving the reading road
260 _c1943
300 _a526p.
942 _cTEXL
_h372.83, SPE
999 _c1346993
_d1346993